| 000 | 00559nam a22001697a 4500 | ||
|---|---|---|---|
| 005 | 20160726105908.0 | ||
| 010 | _aENG-115528 | ||
| 020 |
_a9789352612079 _c250.00 |
||
| 037 | _bDBAD/PUB | ||
| 082 | _a181.499 | ||
| 245 |
_a Osho the mystery beyond mind : _b commentaries on the yoga sutras of patanjali / |
||
| 260 |
_aNew Delhi _bDimond Books _c2016 |
||
| 270 |
_aX-30,Okhla Industrial Area,Phase-II _bNew Delhi _e110020 |
||
| 300 |
_a288p. _c21cm(pbk) |
||
| 490 | _aYoga: the science of the soul vol-3 | ||
| 942 |
_2ddc _cEN _h181.499 _mOSH |
||
| 999 |
_c101464 _d101464 |
||